Nature and biodiversity cases Ruling of the European Court of Justice

Detalles Bibliográficos
Autor Corporativo: Unin̤ Europea. Oficina de Publicaciones Oficiales
Formato: Desconocido
Lenguaje:español
Publicado: [Luxemburgo] : European Union Publications Office, 2006
Materias:
Acceso en línea:Acceso restringido

MARC

LEADER 00000ny a22000003n 4500
005 20110520132912.0
008 080702s2006 sp s 000 0 spa c
020 |a 9279025619 
035 |a 2108 
040 |a UMA.RE  |d vLex 
080 |a 502(4-672UE)(0.034) 
080 |a 574.472(4-672UE)(0.034) 
090 |c 108  |d 108 
245 0 0 |a Nature and biodiversity cases  |h [Recurso electrn̤ico]  |b Ruling of the European Court of Justice 
256 |a Servicio en ln̕ea 
260 |a [Luxemburgo] :  |b European Union Publications Office,  |c 2006 
506 1 |a Contenido solo disponible en los productos indicados  |d vLex Global  |d vLex Global (Academic Edition, excluding Law Schools)  |d vLex Global (U.S. Academic Edition, Law Schools)  |d vLex Global (U.S. Academic Edition, excluding Law Schools)  |d vLex Global (Academic Edition, Law Schools) 
650 0 4 |a Biodiversidad  |z Pas̕es de la Unin̤ Europea  
710 1 |a Unin̤ Europea.  |b Oficina de Publicaciones Oficiales 
740 0 |a vLex Libros (Servicios en ln̕ea) 
856 4 0 |z Acceso restringido  |u http://vlex.com/source/nature-biodiversity-cases-ruling-european-court-justice-2108 
942 |c BOOK 
999 0 4 |a Biological diversity  |z Pas̕es de la Unin̤ Europea  |v En ln̕ea 
999 0 4 |a Naturaleza  |z Pas̕es de la Unin̤ Europea  |v En ln̕ea